| 000 | 01381nam a2200325 i 4500 | ||
|---|---|---|---|
| 003 | EG-GICUC | ||
| 005 | 20260121101648.0 | ||
| 008 | 260105s2000 ua ||||fr|||| 00| 0 ara d | ||
| 017 | _a999789 | ||
| 020 | _a9775394937 | ||
| 040 |
_a EG-GICUC _bara _c EG-GICUC _d EG-GICUC _erda |
||
| 041 | _aara | ||
| 082 | 0 | 4 |
_221 _a345.693 _bم ح . ر |
| 092 | 0 | 4 | _221 |
| 099 | _aLaw1 07 345.693 م ح . ر 2000 | ||
| 100 | 0 |
_aمحمد باهى أبويونس _eمؤلف. |
|
| 245 | 1 | 2 |
_aالرقابة القضائية على شرعية الجزاءات الإدارية العامة : _bالغرامة، الحل، الوقف، الإزالة، سحب وإلغاء التراخيص / _cمحمد باهى أبويونس. |
| 264 | 1 |
_aالاسكندرية : _bدار الجامعة الجديدة للنشر، _c2000. |
|
| 300 |
_a341 صفحة ؛ _c24 سم |
||
| 336 |
_2rda content _atext |
||
| 337 |
_2rda media _aComputer |
||
| 338 |
_2rda carrier _aOnline Resource |
||
| 500 | _aيحتوي على قائمة بالاختصارات | ||
| 504 | _aيحتوي على ارجاعات ببليوجرافية | ||
| 546 | _aالنص باللغة العربية | ||
| 650 | 1 | 4 |
_aالرقابة القضائية علي اعمال الادارة _xالقانون الإداري |
| 856 | 4 | 0 | _uhttps://fll.law.cu.edu.eg/fulltext/bks/B07-02459.pdf |
| 905 | _a75 | ||
| 942 |
_2ddc _cBK _e21 _n0 |
||
| 999 |
_c54559 _d54559 |
||